| 000 | 00835nam a2200217 a 4500 | ||
|---|---|---|---|
| 001 | BRCA_269 | ||
| 005 | 20190320202936.0 | ||
| 008 | 290508s1977----mx-a---###---#000-0#spa-# | ||
| 050 | 4 |
_aN6555 _b.M49 1977 |
|
| 245 | 1 | 0 |
_aMéxico en España _bimagen de su arte _c[introducción Octavio Paz]. |
| 260 |
_aCiudad de México _bPresidencia de la República _c1977 |
||
| 300 |
_a95 p. _bil., fotografías _c27 cm. |
||
| 500 | _aCatálogo de la exposición realizada en el Museo Español de Arte Contemporáneo (Madrid), octubre 1977 | ||
| 500 | _aIncluye piezas de la colección Franz Mayer: p. 36-38, 40, 43 y 68 | ||
| 650 | 1 | 4 |
_aArte _xHistoria _zMéxico _9898 |
| 650 | 1 | 4 |
_aArte prehispánico _zMéxico _9899 |
| 650 | 1 | 4 |
_aArte colonial _zMéxico _9900 |
| 650 | 1 | 4 |
_aArte _ySiglo XIX _zMéxico _9901 |
| 700 | 1 |
_aPaz, Octavio _9902 |
|
| 942 |
_2lcc _cB |
||
| 999 |
_c216 _d216 |
||